| 000 | 00000nam##2200000za#4500 |
| 001 | 9.662359 |
| 003 | CaOODSP |
| 005 | 20220901140034 |
| 007 | ta |
| 008 | 150407|2000||||xxc||||| f|0| 0 eng|d |
| 020 | |a0-662-65368-8 |
| 040 | |aCaOODSP|beng |
| 041 | |aeng |
| 041 | |afre |
| 043 | |an-cn--- |
| 086 | 1 |aJ2-174/2000 |
| 110 | 1 |aCanada.|bJustice Canada. |
| 245 | 14|aThe changing face of conditional sentencing : |bsymposium proceedings |
| 260 | |aOttawa - Ontario : |bJustice Canada |c2000. |
| 300 | |aEnglish text, iii, 87p. ; |c27 cm. |
| 546 | |aBilingual |
| 563 | |aSoftcover |
| 590 | |a01-12|b2001-03-23 |
| 690 | 07|aCourt decisions|2gcpds |
| 690 | 07|aImprisonment|2gcpds |
| 776 | 0#|tLe nouveau visage de l'emprisonnement avec sursis : |w(CaOODSP)9.638309 |
| 776 | 0#|tThe changing face of conditional sentencing : |w(CaOODSP)9.694129 |
| 792 | |tLe nouveau visage de l'emprisonnement avec sursis : |efre|w(CaOODSP)9.662360 |